000 01002nam a2200205Ii 4500
003 JO-AjNU
008 230605s9999||||xx |||||||||||||| ||und||
017 _a20097/2929
040 _aJO-AjNU
_bara
_erda
_cJO-AjNU
041 _aara
050 1 4 _aPJ7578.B2 2009
100 3 _aتصنيف البغدادي،جمال الدين أبي الفرج عبد الرحمن بن الجوزي القرشي,
_eauthor
_923054
245 0 0 _a أخبار الحمقى والمغفلين من الفقهاء والمفسرين والرواة والمحدثين والشعراء والمتأدبين والكتاب والمعلمين والتجار والمتسببين وطوائف تتصل للغفله بسبب متين
264 3 1 _aعمان:وزارة الثقافة،2009
300 _a206ص
336 _atext
_btxt
_2rdacontent
337 _aunmediated
_bn
_2rdamedia
338 _avolume
_bnc
_2rdacarrier
650 4 _aالنوادر العربية - الأهاجي والفكاهات العربية 
_923055
999 _aA8280
_c11848
_d11848